000 00620nas a2200241 4500
001 BR9202109
003 BR-BrBNA
005 20231205092443.0
007 ta
008 230509b bl.|||p| |||| 00| 00por d
040 _aBR-BrBNA
_bpor
_cBiblioteca Nacional de Agricultura
041 _a(Pt)
072 _aF01
100 1 _aAnon.
245 1 _aFrutas da mata viram cultivos
650 _aACAI
650 _aPUPUNHA
650 _aPLANTIO
650 _aSISTEMA DE CULTIVO
773 0 _tGuia Rural (Brazil)
_x
_g(Mar 1991), p. 60-62
_wBR9202109
909 _a202311
_bLúcia
_c55
_dLúcia Elande
942 _2AGRIS
_n0
_cANA
999 _c131816
_d131816